| 000 | 00396nam a2200145Ia 4500 | ||
|---|---|---|---|
| 008 | 230917s9999||||xx |||||||||||||| ||und|| | ||
| 040 |
_e35863 _aMAIN |
||
| 041 | _aEnglish | ||
| 082 | _a370 V59E | ||
| 100 | _aVerma, Rajendra | ||
| 245 | 0 | _aEducation planing & poverty of India: a comparative study 1944-77 | |
| 260 |
_aNew Delhi _bLancers Publishers _c1978 |
||
| 300 | _av, 202 p. | ||
| 942 | _cBK | ||
| 999 |
_c50993 _d50993 |
||